| 000 | 01064cam a2200193ua 4500 | ||
|---|---|---|---|
| 020 | _c8.00 | ||
| 041 |
_aeng _h |
||
| 082 |
_a626.823 _bIND/CO |
||
| 100 | _a, . | ||
| 110 | 1 |
_aIndian standards institution . _bISI _c() |
|
| 245 | 0 | 0 |
_aCode of practice for design of cross drainage works:part-2 specific requirements section-5,IS:7784-1980 / _cIndian standards institution. _hTextual Documents |
| 250 |
_a1 / _b. |
||
| 260 |
_aNew Delhi : _bIndian standards institution , _c1981. |
||
| 300 | _a19 ; . | ||
| 365 | _a8.00 | ||
| 504 | _a | ||
| 942 | _cBK | ||
| 999 |
_c4716 _d4716 |
||